000 00484nam a22001817a 4500
005 20251108170102.0
008 250721s1995 xx 000 0 ara d
082 1 4 _aط/ق/ديز
100 1 _aديزني، والت
245 1 0 _aسندريلا /
264 1 _aجده :
_bدار الريشه،
_c1995.
300 _a32ص : مص
490 0 _aقصة و أحاجي
650 1 7 _aأدب الأطفال
650 1 7 _aالقصص العربية
942 _2ddc
_cBK
999 _c39396
_d39396